000
00333nam a22001457a 4500
020
_a
978-1-292-34088-3
082
_a
658
100
_a
Robbins, Stephen P.
245
_a
Management
250
_a
15th
260
_a
Harlow:
_b
Pearson,
_c
2021
300
_a
618p.: ill.; 28cm
700
_a
Coulter, Marry & Randel, Amy
942
_c
BK
999
_c
22154
_d
22154